000 03214nam a2200337 a 4500
003 OSt
005 20250815145136.0
007 cr ||||||a|a|a
008 250808s2025 mx a|||fom||| 001 0 spa d
040 _erda
100 1 _aPérez Martínez, Francisco
_9190833
245 1 0 _aDesarrollo de un suavizador de agua sanitaria en la empresa ingeniería solar aplicada de Puebla S.A. de C.V. /
_cpor Francisco Pérez Martínez; director de tesis Luis Tonatiuh Castellanos Serrano; secretario Master Maía Victoria Gómez Aguila; vocal Bonifacio Gaona Ponce; suplente Omar Reséndiz Cantero; suplente Marco Antonio Rojas Marínez.
264 1 _aChapingo, México :
_bEl autor,
_c2024.
300 _a1 recurso en línea (87 páginas):
_bcuadros, figuras.
336 _2rdacontent
_atexto
_btxt
337 _2rdamedia
_acomputadora
_bc
338 _2rdacarrier
_arecurso en línea
_bcr
502 _bIMtA
_cMecánica
_d2024.
_gLIC
504 _aIncluye referencias bibliográficas: páginas 69-71.
520 _aEn el presente trabajo se realizó la propuesta de un diseño funcional de un suavizador ablandador de agua aplicando principios de electromagnetismo mediante inductores colocados alrededor de las tuberías de redes hidráulicas de viviendas y residencias, reduciéndose la formación de cristales ocasionados por los niveles de concentración de carbonato de calcio y carbonato de magnesio, causantes de dureza carbonatada que tiende a ocasionar el fallo en las redes hidráulicas debido a la acumulación de sulfatos de magnesio y calcio, el agua clasificada como dura, tiene la característica de requerir mayores cantidades de jabón para generar espuma, y al ser sometida a un cambio de temperatura y acumulación tiende a formar costras, y lo que coloquialmente se conoce como sarro, actualmente existe una gran variedad de productos que disminuyen los niveles de carbonatos mediante tratamientos químicos, encargados de alterar la composición química del agua, en ocasiones alterando propiedades organolépticas del agua, en este trabajo se aborda el diseño de un suavizador que mediante pulsos electromagnéticos, controlados por una unidad de control que modula y regula la energía que se inducirá en las bobinas de salida, aplicándose leyes fundamentales de electromagnetismo como son las leyes de Ampere, de Faraday, Maxwell, para conocerse las características de los inductores, realizándose cálculos pertinentes necesarios para describir de forma detallada el comportamiento de las bobinas, realizándose arreglos de dirección del campo magnético en función de la regla de la mano derecha.
650 4 _aAgua
_xBioquímica
_9150394
650 4 _aAgua
_xDesalación
_92365
650 4 _aAgua
_xCalidad
_92316
700 1 _aCastellanos Serrano, Luis Tonatiuh
_9190723
_4director.
700 1 _aGómez Águila, María Victoria
_9185726
_esecretario.
700 1 _aGaona Ponce, Bonifacio
_945572
_evocal.
700 1 _aReséndiz Cantera, Omar
_996132
_esuplente.
700 1 _aRojas Martínez, Marco Antonio
_esuplente.
_999340
856 _uhttp://10.13.5.2/tesis/tl/1611899-6_PEREZ_MARTINEZ_FRANCISCO.pdf
_zDESCARGAR PDF
942 _2Clasificación Universidad Autónoma Chapingo
_cTD
999 _c220786
_d220786